| 000 | 01365cam a22003614a 4500 | ||
|---|---|---|---|
| 999 |
_c28638 _d28609 |
||
| 001 | 12169375 | ||
| 003 | EG-ScBUE | ||
| 005 | 20200901102313.0 | ||
| 008 | 000911t2001 nyuab f b 001 0 eng d | ||
| 020 | _a0393975177 | ||
| 020 | _a9780393975178 | ||
| 040 |
_aDLC _beng _erda _cDLC _dDLC _dEG-ScBUE |
||
| 043 | _ad------ | ||
| 082 | 0 | 4 |
_a338.9 _bECO _222 |
| 245 | 0 | 0 |
_aEconomics of development / _cDwight H. Perkins, Harvard University [and three others] |
| 250 | _aFifth edition. | ||
| 264 | 1 |
_aNew York, N.Y. : _bW.W. Norton & Company, Inc., _c[2001] |
|
| 264 | 4 | _cc2001 | |
| 300 |
_a1 volume (various pagings) : _billustrations, color maps ; _c24 cm |
||
| 336 |
_2rdacontent _atext _btxt |
||
| 337 |
_2rdamedia _aunmediated _bn |
||
| 338 |
_2rdacarrier _avolume _bnc |
||
| 500 | _aFive col. maps on endpapers. | ||
| 504 | _aIncludes bibliographical references and index. | ||
| 650 | 7 |
_aEconomic development. _2BUEsh |
|
| 651 | 7 |
_aDeveloping countries _xEconomic policy. _2BUEsh |
|
| 653 |
_bBUSECO _cAugust2020 |
||
| 655 |
_vReading book _934232 |
||
| 700 | 1 |
_aPerkins, Dwight H. _q(Dwight Heald), _d1934- _eauthor. |
|
| 906 |
_a7 _bcbc _corignew _d1 _eocip _f20 _gy-gencatlg |
||
| 942 |
_2ddc _cBB |
||